000 00697nam a22002297a 4500
005 20170124110220.0
010 _aA-901719
020 _c00.00
_a817223239X
035 _aA-901719
037 _bCen Lib/Ret
040 _aDPL
_bEN
082 _a954.16
_bSAI
100 _aSainty, Sarah
_939749
245 _aLost monuments of Delhi /
_cby Sarah Sainty
260 _aNew Delhi
_bHarperCollins
_c1997
270 _a7/16, Ansari Road, Daryaganj
_bNew Delhi
_e110002
300 _a103p. :
_c17cm(Hb)
_bill.
500 _aIncludes bibliographical references and index
650 _aAntiquities
_919751
650 _aDelhi -- Antiquities
_939750
942 _2ddc
_cEN
_h954.16
_mSAI
999 _c134087
_d134087